[Event "Bengaluru Karnataka op"]
[Site "Bengaluru"]
[Date "2018.04.17"]
[Round "8"]
[White "Kalki Eshwar, D."]
[Black "Sridharan, R."]
[Result "1-0"]
[WhiteElo "1515"]
[BlackElo "1841"]
[PlyCount "63"]
[EventDate "2018.04.14"]
[EventType "swiss"]
[EventRounds "10"]
[EventCountry "IND"]
[SourceTitle "CBM 184 Extra"]
[Source "ChessBase"]
[SourceDate "2018.06.28"]
[SourceVersion "1"]
[SourceVersionDate "2018.06.28"]
[SourceQuality "1"]

1. e4 c5 2. Nc3 d6 3. f4 Nc6 4. Bb5 Bd7 5. Nf3 Nd4 6. Bxd7+ Qxd7 7. Nxd4 cxd4 8. Ne2 e5 9. 0-0 h5 10. d3 f6 11. c3 dxc3 12. Nxc3 0-0-0 13. Be3 Kb8 14. Rc1 exf4 15. Bxf4 Ne7 16. Qb3 g5 17. Be3 Bg7 18. Nb5 Nc6 19. Rxc6 bxc6 20. Nxa7+ Ka8 21. Qa3 Kb7 22. Qb4+ Ka8 23. Nxc6 Qxc6 24. Qa5+ Kb7 25. Qa7+ Kc8 26. Rc1 Qxc1+ 27. Bxc1 Rd7 28. Qa8+ Kc7 29. Qa5+ Kc8 30. Bd2 Rhd8 31. Qa8+ Kc7 32. Ba5# 1-0